Atentado a las Torres Gemelas
Guardat en:
| Autor corporatiu: | |
|---|---|
| Format: | Text |
| Publicat: |
San José:
IIS
|
| Matèries: | |
| Etiquetes: |
Afegir etiqueta
Sense etiquetes, Sigues el primer a etiquetar aquest registre!
|
MARC
| LEADER | 00000 a a2200000 04500 | ||
|---|---|---|---|
| 001 | 29976 | ||
| 003 | |||
| 040 | |||
| 090 | |a 194000 |b RECURSO ELECTROMAGNETICO | ||
| 110 | |a UCR. FCS. IIS | ||
| 245 | |a Atentado a las Torres Gemelas | ||
| 260 | |a San José: |b IIS | ||
| 650 | |a TERRORISMO | ||
| 650 | |a NEOLIBERALISMO | ||
| 650 | |a RECESION ECONOMICA | ||
| 650 | |a EMPRESAS TRANSNACIONALES | ||
| 999 | |c 10915 |d 10915 | ||
